01674nam a2200373 450000100060000000300070000600500170001300800410003001600310007101700530010202000150015503500210017003500270019104000370021804100180025508000300027308000110030310000230031424000190033724501310035626000440048730000300053150001970056150000750075854600740083363000440090763000510095165500190100270000410102171000610106273000400112385200180116385601190118185803SpMaBN20260415124143.0011205m20002001sp | ||| ||lat 7 abimoBNE200111364612SpMaBN aB 42445-2000bOficina Depósito Legal Barcelona a8488526660 a(OCoLC)434375708 a(SpMaBN)Mimo0001742217 aSpMaBNbspacSpMaBNerdcdM-RABA0 alataengaspa a091 Beato de Cardeña.07 a228.071 aBeato de Liébana10aIn Apocalipsin10aBeato de Liébanah[Texto impreso] :bcódice del Monasterio de San Pedro de Cardeñac[traducción, Anne Barton de Mayor] aBarcelonabM. Moleiro Editorc2000-2001 a2 v.bil. col.c48, 34 cm aVol. 1 ([284] p.) es reprod. facs. del ms. conservado en el Museo Arqueológico Nacional (ms. 2), Biblioteca Francisco de Zabalburu, The Metropolitan Museum of Art y Museo Diocesano de Gerona aVol. 2 (363 p.) contiene estudios de Ángela Franco Mata ... [et al.] aTexto del ms. en latín; volumen de estudios en español e inglés07aBeato de CardeñavFacsímiles2embne07aBiblia.pN.T.pApocalipsisvComentarios2embne 7aBeatos2tgfbne1 aFranco Mata, María Ángelad1944-2 aMuseo Arqueológico Nacional (España)kManuscrito.n20 aBiblia.pN.T.pApocalipsislLatín jD-414 ; D-41541uhttps://bnedigital.bne.es/bd/card?id=f3a953bf-2f5f-4101-a05a-7b8bac030841yBNE Digitalzacceso y/o uso restringido